Statistics for Jar of Flies Album Tracklist

Click here to take the quiz!

General Stats

  • This quiz has been taken 6 times
  • The average score is 6 of 7

Answer Stats

HintAnswer% Correct
2Nutshell
100%
1Rotten Apple
100%
3I Stay Away
80%
7Swing on This
80%
5Whale & Wasp
80%
6Don't Follow
60%
4No Excuses
60%

Score Distribution

Percentile by Number Answered

Percent of People with Each Score

Your Score History

You have not taken this quiz